000 00874cam a2200241 i 4500
001 000014045
005 20200929163441.0
008 800410s1978 ec af 000 1 spa
010 _a80106486
040 _aDO-SdBNP
_cDLC
_dDLC
050 0 0 _aPQ8213
_b.R6
100 1 _aRodriguez, Marco Antonio,
_d1941-
_922723
245 1 0 _aRelato /
_cMarco Antonio Rodriguez. Poesia / Euler Granda ; [fotografia y produccion musical, Jorge Aravena].
250 _a1. ed.
260 _aQuito :
_b[s.n.],
_c1978.
300 _a194 p., [15] leaves of plates :
_bill. ;
_c21 cm. & disc (45 rpm. stereo. 7 in.).
440 0 _aColeccion Musica, palabra e imagen del Ecuador
_931814
650 0 _aEcuadorian literature
_y20th century.
_931815
700 1 2 _aGranda, Euler,
_tPoesia. 1978.
_931816
700 1 _aAravena, Jorge.
_931817
910 _aCatalogación por copia / LC
082 0 0 _a860
999 _c13647
_d13647